| 000 | 00818nam a2200217 i 4500 | ||
|---|---|---|---|
| 999 |
_c7789 _d7789 |
||
| 001 | 991058478168306706 | ||
| 003 | OSt | ||
| 005 | 20231017102843.0 | ||
| 006 | m o d | | ||
| 007 | cr ||||||||||| | ||
| 008 | 201029s2019 sp a ob 000 0 spa d | ||
| 040 |
_aCDMR _cCDMR _bcat |
||
| 110 | 2 |
_92840 _aUnió Europea _b. Oficina de Publicacions |
|
| 245 | 1 | 0 |
_aData visualisation guide : _ba comprehensive guide to unlocking your data’s potential [recurs electrònic] / _cdata.europa.eu - The official portal for European data |
| 260 |
_a[S.l.] : _bEuropean Union. Publications Office, _c2023 |
||
| 300 | _a1 recurs electrònic | ||
| 650 | 0 |
_aInfografia _94608 |
|
| 650 | 0 |
_aComunicació visual _93737 |
|
| 856 |
_zAccés en línia _uhttps://data.europa.eu/apps/data-visualisation-guide/ |
||
| 942 |
_2udc _cLLIBRE-E |
||